LIBRARY & INFORMATION CENTRE, KCAET, TAVANUR

ONLINE PUBLIC ACCESS CATALOGUE (OPAC)

Fabrication and testing of a low cost flat plat collector - cum storage solar water heater (Record no. 15321)

MARC details
000 -LEADER
fixed length control field 00380nam a22001217a 4500
082 ## - DEWEY DECIMAL CLASSIFICATION NUMBER
Classification number 631.37
Item number LIS/FA
100 ## - MAIN ENTRY--AUTHOR NAME
Personal name LISSY KIRIAN
245 ## - TITLE STATEMENT
Title Fabrication and testing of a low cost flat plat collector - cum storage solar water heater
260 ## - PUBLICATION, DISTRIBUTION, ETC. (IMPRINT)
Place of publication Tavanur
Name of publisher Kelappaji Collge of Agricultural Engineering and Technology
Year of publication 1990
300 ## - PHYSICAL DESCRIPTION
Number of Pages 96
500 ## - GENERAL NOTE
General note Thesis
942 ## - ADDED ENTRY ELEMENTS (KOHA)
Koha item type Theses
Holdings
Withdrawn status Lost status Damaged status Home library Current library Date acquired Full call number Accession Number Koha item type Public note
      KAUAET KAUAET 03/03/2018 631.37 LIS/FA 16721 Theses M.Tech Thesis
free website counter